000 00928nam0a2200313 4500
001 RU\NLR\bibl\476655
005 20250623191705.0
010 _a5-18-000458-6
_95000
021 _aRU
_b2003-59152
_92892
035 _a(NLR Aleph) 000469661
090 _a985588
_c985588
100 _a20031226d2003 |||y0rusy50 ca
101 0 _arus
102 _aRU
105 _ay |||||||||
200 1 _aЖемчуг богов
_e[Фантаст. роман]
_fСергей Юрьев
210 _aМ.
_cМахаон
_d2003
215 _a538, [2] с.
_d21
225 1 _aЗеленая Луна
225 1 _aСовременная фантастика
686 _aШ6(2=Р)75-445
700 1 _aЮрьев
_bС. С.
_gСергей Станиславович
_4070
801 0 _aRU
_bNLR
_c20031226
_gPSBO
801 1 _aRU
_bNLR
_c20031226
942 _cBOOK
980 _aNB